[Event "Arica op 7th"]
[Site "Arica"]
[Date "2021.12.15"]
[Round "6"]
[White "Reinuaba Escobar, Carlos"]
[Black "Valdes Escobar, Alvaro Daniel"]
[Result "1-0"]
[WhiteElo "2232"]
[BlackElo "2359"]
[PlyCount "99"]
[EventDate "2021.12.12"]
[EventType "swiss"]
[EventRounds "10"]
[EventCountry "CHI"]
[SourceTitle "CBM 205 Extra"]
[Source "ChessBase"]
[SourceDate "2022.01.31"]
[SourceVersion "1"]
[SourceVersionDate "2022.01.31"]
[SourceQuality "1"]

1. e4 c5 2. Nf3 d6 3. d4 cxd4 4. Nxd4 Nf6 5. Nc3 a6 6. Be2 e5 7. Nb3 Be7 8. Bg5 Be6 9. Bxf6 Bxf6 10. Qd3 0-0 11. 0-0-0 Be7 12. Nd5 Bxd5 13. Qxd5 Qb6 14. Rhf1 Nd7 15. Bc4 Nf6 16. Qd3 a5 17. Nd2 a4 18. Bd5 Rac8 19. Nc4 Qc5 20. Ne3 b5 21. Kb1 g6 22. g3 Nd7 23. h4 Bf6 24. h5 Bg7 25. hxg6 hxg6 26. Rh1 Nb6 27. g4 a3 28. Bb3 Rfd8 29. Nd5 Rd7 30. g5 Nxd5 31. Qxd5 axb2 32. Qxc5 Rxc5 33. Rh3 Bf8 34. Rdh1 Bg7 35. Rf3 Rdc7 36. Rd1 Bf8 37. Rdd3 Kg7 38. Kxb2 Ra7 39. Rf6 Rcc7 40. Bd5 Rc5 41. Rdf3 Rcc7 42. Rh3 Rc5 43. Rhf3 Rcc7 44. Kb3 Re7 45. Kb4 Rec7 46. Kxb5 Rc5+ 47. Kb4 Rcc7 48. a4 Kg8 49. a5 Bg7 50. Rxf7 1-0

[Event "CHI-ch"]
[Site "Santiago de Chile"]
[Date "2020.02.16"]
[Round "7"]
[White "Olivares Olivares, Claudio"]
[Black "Reinuaba Escobar, Carlos"]
[Result "1-0"]
[WhiteElo "2395"]
[BlackElo "2184"]
[PlyCount "95"]
[EventDate "2020.02.11"]
[EventType "tourn"]
[EventRounds "11"]
[EventCountry "CHI"]
[EventCategory "2"]
[SourceTitle "CBM 195 Extra"]
[Source "ChessBase"]
[SourceDate "2020.05.31"]
[SourceVersion "1"]
[SourceVersionDate "2020.05.31"]
[SourceQuality "1"]

1. e4 c5 2. Nf3 Nc6 3. d4 cxd4 4. Nxd4 e6 5. Nc3 Qc7 6. Ndb5 Qb8 7. Be3 a6 8. Bb6 axb5 9. Nxb5 Bb4+ 10. c3 Ba5 11. Nc7+ Qxc7 12. Bxc7 Bxc7 13. Qg4 Kf8 14. Bd3 Nf6 15. Qe2 h5 16. 0-0 h4 17. b4 Ne5 18. Bc2 Rh6 19. c4 Ng6 20. a4 Nf4 21. Qd2 Be5 22. Rae1 b5 23. cxb5 Rg6 24. g3 Ke7 25. a5 Rb8 26. b6 Bb7 27. b5 Rh8 28. a6 Nh3+ 29. Kg2 Nxf2 30. Qxf2 hxg3 31. hxg3 Rgh6 32. Kf3 Rh2 33. Qc5+ Bd6 34. Qg1 Rxc2 35. axb7 Bc5 36. Rc1 Rxc1 37. Rxc1 Bxg1 38. Rc8 Rh2 39. b8Q Rf2+ 40. Ke3 Ng4+ 41. Kd3 Rf3+ 42. Kd2 Be3+ 43. Kc2 Rf2+ 44. Kb3 Bd4 45. Qc7 Rb2+ 46. Ka3 Rxb5 47. b7 Ne5 48. Qd8+ 1-0

[Event "CHI-ch"]
[Site "Santiago de Chile"]
[Date "2020.02.13"]
[Round "3"]
[White "Reinuaba Escobar, Carlos"]
[Black "Salinas Herrera, Pablo Patricio"]
[Result "0-1"]
[WhiteElo "2184"]
[BlackElo "2502"]
[PlyCount "63"]
[EventDate "2020.02.11"]
[EventType "tourn"]
[EventRounds "11"]
[EventCountry "CHI"]
[EventCategory "2"]
[SourceTitle "CBM 195 Extra"]
[Source "ChessBase"]
[SourceDate "2020.05.31"]
[SourceVersion "1"]
[SourceVersionDate "2020.05.31"]
[SourceQuality "1"]

1. Nf3 g6 2. d4 Bg7 3. e4 d6 4. Nc3 Nf6 5. Bc4 0-0 6. Qe2 Bg4 7. e5 Ne8 8. Bf4 c6 9. h3 Bxf3 10. Qxf3 Nc7 11. exd6 exd6 12. 0-0-0 d5 13. Bb3 Ne6 14. Be3 Nd7 15. Rhe1 b5 16. Ne2 a5 17. c3 Nb6 18. Kb1 Nc4 19. Bc1 Ng5 20. Qd3 Ne4 21. Rf1 Qb6 22. f3 Ned6 23. Rfe1 a4 24. Bc2 b4 25. cxb4 Qxb4 26. Qc3 Qb7 27. Ka1 Rfb8 28. Nf4 Nb5 29. Qd3 Nxd4 30. Re2 Nb3+ 31. Bxb3 axb3 32. a3 0-1

[Event "CHI-ch sf"]
[Site "Quilpue"]
[Date "2020.02.02"]
[Round "7"]
[White "Gasic Merino, Franco Ignacio"]
[Black "Reinuaba Escobar, Carlos"]
[Result "1-0"]
[WhiteElo "2177"]
[BlackElo "2184"]
[PlyCount "123"]
[EventDate "2020.01.30"]
[EventType "swiss"]
[EventRounds "8"]
[EventCountry "CHI"]
[SourceTitle "CBM 194 Extra"]
[Source "ChessBase"]
[SourceDate "2020.03.31"]
[SourceVersion "1"]
[SourceVersionDate "2020.03.31"]
[SourceQuality "1"]

1. d4 Nf6 2. g3 g6 3. Bg2 d5 4. c4 c6 5. Nd2 Bg7 6. Ngf3 0-0 7. 0-0 a5 8. b3 a4 9. Ba3 Re8 10. h3 Bf5 11. g4 Be4 12. Nxe4 Nxe4 13. e3 Nd7 14. Nd2 Nxd2 15. Qxd2 e6 16. Bd6 dxc4 17. bxc4 Nb6 18. Bg3 Nxc4 19. Qb4 Na5 20. Qxa4 Qd7 21. Qc2 Bf8 22. a4 Bd6 23. f4 Bc7 24. h4 Rad8 25. h5 f5 26. hxg6 hxg6 27. Kf2 Qg7 28. Bf3 Rd7 29. Rh1 Kf7 30. Qa2 Rd5 31. Rh2 Rh8 32. Rxh8 Qxh8 33. Rh1 Qg7 34. Bxd5 cxd5 35. gxf5 gxf5 36. Qe2 Ke7 37. Bh4+ Kd6 38. Qb5 Nc4 39. Qxb7 Kd7 40. Qb5+ Kc8 41. Qe8+ Kb7 42. Qxe6 Nd6 43. Qxd5+ Ka7 44. Qc5+ Ka6 45. Qc6+ Ka7 46. Bg5 Qf7 47. Rh6 Qa2+ 48. Kf3 Qf7 49. Rxd6 Bxd6 50. Qxd6 Qh5+ 51. Kg3 Qg4+ 52. Kf2 Qd1 53. Qd7+ Ka8 54. Qd5+ Ka7 55. Qxf5 Qd2+ 56. Kf3 Qd1+ 57. Ke4 Qb1+ 58. Ke5 Qb8+ 59. Kf6 Qf8+ 60. Kg6 Qg8+ 61. Kh6 Qb3 62. Qa5+ 1-0

[Event "CHI-ch sf"]
[Site "Quilpue"]
[Date "2020.01.30"]
[Round "1"]
[White "Reinuaba Escobar, Carlos"]
[Black "Fuentes Inzunza, Lesly"]
[Result "1-0"]
[WhiteElo "2184"]
[BlackElo "1883"]
[PlyCount "55"]
[EventDate "2020.01.30"]
[EventType "swiss"]
[EventRounds "8"]
[EventCountry "CHI"]
[SourceTitle "CBM 194 Extra"]
[Source "ChessBase"]
[SourceDate "2020.03.31"]
[SourceVersion "1"]
[SourceVersionDate "2020.03.31"]
[SourceQuality "1"]

1. b3 d5 2. Nf3 c5 3. e3 Nc6 4. Bb5 Bf5 5. Bb2 a6 6. Bxc6+ bxc6 7. d3 f6 8. Nh4 Bg6 9. f4 e6 10. Nd2 Bd6 11. Qg4 Kf7 12. 0-0 Nh6 13. Qg3 Nf5 14. Nxf5 exf5 15. e4 fxe4 16. dxe4 Bxe4 17. Nxe4 dxe4 18. Rad1 Qe7 19. Qc3 Rhe8 20. Qc4+ Kf8 21. Ba3 e3 22. Rxd6 e2 23. Re1 Qe3+ 24. Kh1 Qf2 25. Rxf6+ gxf6 26. Bxc5+ Qxc5 27. Qxc5+ Kg7 28. Kg1 1-0

[Event "CHI-ch sf"]
[Site "Quilpue"]
[Date "2019.01.17"]
[Round "2"]
[White "Reinuaba Escobar, Carlos"]
[Black "Castillo Cortes, Roberto"]
[Result "1-0"]
[WhiteElo "2182"]
[BlackElo "1957"]
[PlyCount "59"]
[EventDate "2019.01.17"]
[EventType "swiss"]
[EventRounds "8"]
[EventCountry "CHI"]
[SourceTitle "CBM 188 Extra"]
[Source "ChessBase"]
[SourceDate "2019.02.26"]
[SourceVersion "1"]
[SourceVersionDate "2019.02.26"]
[SourceQuality "1"]

1. Nf3 Nf6 2. c4 g6 3. Nc3 Bg7 4. e4 d6 5. d4 0-0 6. h3 Na6 7. Bg5 c5 8. d5 Qa5 9. Qd2 Re8 10. Bd3 Kh8 11. 0-0 Ng8 12. a3 Nb8 13. Be3 Nd7 14. Ng5 Rf8 15. f4 h6 16. Nf3 Ndf6 17. b4 cxb4 18. axb4 Qd8 19. e5 dxe5 20. fxe5 Nd7 21. Bd4 f5 22. Nh4 Kh7 23. Nxg6 Kxg6 24. Rxf5 Rxf5 25. Bxf5+ Kf7 26. Rf1 Ndf6 27. Bh7 Ke8 28. Bg6+ Kd7 29. e6+ Kc7 30. Nb5+ 1-0

[Event "Donihue U2200 op"]
[Site "Donihue"]
[Date "2014.02.01"]
[Round "5"]
[White "Palma Neira, Eliseo Maximiliano"]
[Black "Reinuaba Escobar, Carlos"]
[Result "0-1"]
[WhiteElo "1985"]
[BlackElo "2126"]
[PlyCount "55"]
[EventDate "2014.01.31"]
[EventType "swiss"]
[EventRounds "7"]
[EventCountry "CHI"]
[SourceTitle "EXT 2015"]
[Source "ChessBase"]
[SourceDate "2014.11.20"]
[SourceVersion "1"]
[SourceVersionDate "2014.11.20"]
[SourceQuality "1"]

1. d4 Nf6 2. c4 g6 3. Nc3 Bg7 4. d5 d6 5. e4 0-0 6. Bd3 a5 7. h3 Na6 8. Nf3 Nc5 9. Bd2 e6 10. 0-0 e5 11. Bg5 h6 12. Be3 Nh5 13. a3 Nf4 14. Qd2 Qf6 15. Ne1 Qg5 16. Kh2 f5 17. g3 Qh5 18. gxf4 exf4 19. Bxf4 fxe4 20. Bg3 Qxh3+ 21. Kg1 Rf5 22. Qe3 Be5 23. Bxe4 Nxe4 24. Nxe4 Rh5 25. f4 Bg7 26. Kf2 Bf5 27. Nf3 Qg4 28. Rh1 0-1